000 00723nam a22002297a 4500
005 20170124110112.0
010 _a993568
020 _c00.00
_a436232650
035 _a993568
037 _bCen Lib/Ret
040 _aDPL
_bEN
082 _a915.203
_bKEE
100 _aDonald, Keene
_972758
245 _aLandscapes and portraits :
_cby Donald Keene
_bappreciations of Japanese culture
260 _aLondon
_bSecker and Warburg
_c1971
270 _bLondon
_a14 Carlisle Street,
300 _a343p.
_c21cm(HB)
_bill.
500 _aIncludes Bibliographical
650 _aJapanese literature -- History and criticism
_939846
650 _aJapan -- Civilization
_939847
942 _2ddc
_cEN
_h915.203
_mKEE
999 _c130487
_d130487